Statistiken für Name zum Weltführer (2000er) - Bildquiz

Klicken Sie hier um das Quiz zu spielen!

Allgemein

  • Dieses Quiz wurde 81 mal gespielt
  • Das Durchschnittsergebnis liegt bei 9 aus 18

Antwortstatistiken

Antwort% Korrekt
Angela Merkel
100%
Wladimir Wladimirowitsch Putin
97%
Barack Obama
96%
George W. Bush
92%
Gerhard Schröder
91%
Benedikt XVI
78%
Nicolas Sarkozy
59%
Tony Blair
59%
Husni Mubarak
46%
Hugo Chavez
41%
Hu Jintao
22%
Benazir Bhutto
21%
Jacob Zuma
21%
Luis Inácio Lula da Silva
21%
Mahmud Ahmadineschād
20%
Michelle Bachelet
8%
Jun’ichirō Koizumi
7%
Megawati Sukarnoputri
4%

Verteilung der Resultate

Perzentil nach korrekt beantworteten Fragen

Anzahl Personen mit jedem Resultat

Ihre Resultats-Entwicklung

Sie haben dieses Quiz noch nicht gespielt